[Event "Olomouc 2005, IM A - Inline Czechia Cup"]
[Site "?"]
[Date "2005.??.??"]
[Round "6.5"]
[White "Savage, Ben D"]
[Black "Fingerov, Dmitry"]
[Result "1-0"]
[WhiteElo "2300"]
[BlackElo "2358"]
[PlyCount "87"]
[EventDate "2005.08.03"]

1. e4 e6 2. d4 d5 3. Nd2 c5 4. exd5 exd5 5. Ngf3 Nc6 6. dxc5 Bxc5 7. Nb3 Bb6 8.
c3 Nf6 9. Be2 O-O 10. O-O Qd6 11. Nbd4 a6 12. g3 Bh3 13. Re1 Ne4 14. Bf1 Bd7
15. Be3 Rfe8 16. Nb5 axb5 17. Bxb6 b4 18. Bg2 Bf5 19. Nd4 Ne7 20. Nxf5 Qxb6 21.
Nxe7+ Rxe7 22. Qd4 Qxd4 23. cxd4 Kf8 24. Re3 Nf6 25. Rb3 Ra4 26. Bf1 Rc7 27.
Bb5 Ra7 28. Rxb4 Rc2 29. a3 h5 30. Re1 Rd2 31. f3 g5 32. Re2 Rd1+ 33. Kg2 b6
34. Ba4 Rc1 35. Bb3 g4 36. Rxb6 Kg7 37. fxg4 hxg4 38. Rb5 Rac7 39. Bxd5 Rd7 40.
Bb3 Rxd4 41. Rb7 Nd7 42. Rf2 Ne5 43. Bxf7 Kh6 44. Be6 1-0

[Event "Olomouc 2005, IM A - Inline Czechia Cup"]
[Site "?"]
[Date "2005.??.??"]
[Round "6.6"]
[White "Beil, Martin"]
[Black "Pachow, Joerg"]
[Result "0-1"]
[WhiteElo "2212"]
[BlackElo "2352"]
[PlyCount "98"]
[EventDate "2005.08.03"]

1. d4 d6 2. Nf3 g6 3. c4 Bg7 4. e4 e5 5. Bg5 Ne7 6. dxe5 dxe5 7. Qxd8+ Kxd8 8.
Nc3 c6 9. O-O-O+ Nd7 10. g3 f6 11. Be3 Kc7 12. Bh3 Nf8 13. Bxc8 Nxc8 14. h4 h5
15. Rd3 Ne6 16. Rhd1 Rd8 17. Rxd8 Nxd8 18. Rg1 Ne6 19. g4 hxg4 20. Rxg4 Ne7 21.
h5 gxh5 22. Rh4 Rh8 23. Ne2 Ng6 24. Rh1 Bh6 25. Ng3 Bxe3+ 26. fxe3 h4 27. Nf5
h3 28. Rg1 Ng5 29. Nh2 Nh4 30. c5 Nhf3 31. Nxf3 Nxf3 32. Rg7+ Kc8 33. Ng3 h2
34. Nh1 Ng5 35. b4 Rh4 36. Kc2 Rg4 37. Rg8+ Kd7 38. Rh8 Rg2+ 39. Kd3 Nf3 40.
Rh3 Rg1 41. Nf2 Rg2 42. Nh1 Ng5 43. Rh8 Rxa2 44. Ng3 Rg2 45. Nf5 Nf3 46. Rh7+
Ke8 47. Rxb7 h1=Q 48. Rb8+ Kd7 49. Rb7+ Kd8 0-1

[Event "Olomouc 2005, IM A - Inline Czechia Cup"]
[Site "?"]
[Date "2005.??.??"]
[Round "7.4"]
[White "Pisk, Petr"]
[Black "Krupa, Monika"]
[Result "1-0"]
[WhiteElo "2319"]
[BlackElo "2275"]
[PlyCount "75"]
[EventDate "2005.08.03"]

1. d4 Nf6 2. Nf3 c5 3. e3 e6 4. c4 d5 5. Nc3 cxd4 6. exd4 Bb4 7. cxd5 exd5 8.
Qa4+ Nc6 9. Bb5 O-O 10. Bxc6 Qe7+ 11. Ne5 Bxc3+ 12. bxc3 bxc6 13. Ba3 c5 14.
Bxc5 Qc7 15. O-O Re8 16. Rfe1 Re6 17. f3 Bd7 18. Qc2 Rae8 19. Nd3 Bb5 20. Rxe6
Rxe6 21. Rb1 Bc4 22. Qd2 Nh5 23. Re1 Bxd3 24. Rxe6 fxe6 25. Qxd3 Qb8 26. g3 Nf6
27. Qc2 Qb5 28. Bxa7 Nd7 29. Kg2 Qa5 30. Bc5 Nxc5 31. dxc5 Qxc5 32. Qa4 Kf7 33.
Qb4 Qc6 34. a4 e5 35. Kf2 Qh6 36. Qb7+ Ke8 37. Qc8+ Ke7 38. Qc7+ 1-0

[Event "Olomouc 2005, IM A - Inline Czechia Cup"]
[Site "?"]
[Date "2005.??.??"]
[Round "8.2"]
[White "Malinovsky, Karel"]
[Black "Vovk, Andrey"]
[Result "1/2-1/2"]
[WhiteElo "2309"]
[BlackElo "2339"]
[PlyCount "143"]
[EventDate "2005.08.03"]

1. e4 c5 2. Nf3 d6 3. d4 cxd4 4. Nxd4 Nf6 5. Nc3 e6 6. Bg5 Be7 7. f4 h6 8. Bh4
Nxe4 9. Bxe7 Nxc3 10. Bxd8 Nxd1 11. Rxd1 Kxd8 12. Nb5 d5 13. c4 Nc6 14. cxd5
exd5 15. Bc4 Ne7 16. Bxd5 Nxd5 17. Rxd5+ Ke7 18. Nc7 Be6 19. Nxe6 Kxe6 20. Re5+
Kf6 21. Kf2 Rhd8 22. Rhe1 Rac8 23. R1e2 Rc4 24. g3 Rd7 25. a3 Rc1 26. Re1 Rd2+
27. R5e2 Rxe2+ 28. Rxe2 Rh1 29. Kg2 Rb1 30. Kf3 h5 31. h3 b5 32. Kg2 a6 33. Kf3
Rf1+ 34. Kg2 Rb1 35. Kf3 Kg6 36. Rc2 f6 37. Re2 Ra1 38. Kg2 Rd1 39. Kf3 Rd3+
40. Re3 Rd2 41. Re2 Rd1 42. Kf2 Kf5 43. Kf3 Rd3+ 44. Re3 Rd2 45. g4+ Kg6 46.
Re2 Rd1 47. Re6 a5 48. Re3 Rf1+ 49. Kg3 h4+ 50. Kxh4 Rxf4 51. Kg3 Rd4 52. Rb3
b4 53. axb4 a4 54. Rf3 Rxb4 55. Rf2 Rb3+ 56. Kg2 Kh6 57. h4 Kg6 58. Rc2 Rd3 59.
Rc4 Rb3 60. Rxa4 Rxb2+ 61. Kg3 Rb3+ 62. Kf4 Rh3 63. h5+ Kh6 64. Ra8 Kh7 65. Ra7
Rb3 66. Rc7 Rb4+ 67. Kf5 Rb5+ 68. Kf4 Rb4+ 69. Kf5 Rb5+ 70. Kf4 Rb4+ 71. Kf5
Rb5+ 72. Kf4 1/2-1/2

[Event "Olomouc 2005, IM A - Inline Czechia Cup"]
[Site "?"]
[Date "2005.??.??"]
[Round "8.3"]
[White "Krupa, Monika"]
[Black "Mankeyev, Rauan"]
[Result "1/2-1/2"]
[WhiteElo "2275"]
[BlackElo "2344"]
[PlyCount "94"]
[EventDate "2005.08.03"]

1. e4 c5 2. Nc3 Nc6 3. g3 g6 4. Bg2 Bg7 5. d3 e6 6. Be3 d6 7. Qd2 Nd4 8. Nd1
Ne7 9. c3 Ndc6 10. Bh6 Bf6 11. Ne2 Ng8 12. Be3 h5 13. h4 Ne5 14. d4 cxd4 15.
Nxd4 Bd7 16. Bg5 Nc4 17. Qe2 Rc8 18. Ne3 Nxe3 19. Bxe3 a6 20. O-O e5 21. Nc2
Bb5 22. Qd2 Bxf1 23. Rxf1 Ne7 24. Rd1 O-O 25. Bh3 Rc4 26. Qxd6 Nc6 27. Bf1 Rxe4
28. b3 Bxh4 29. Qxd8 Rxd8 30. Rxd8+ Bxd8 31. Bd2 Rg4 32. Be2 Rg5 33. Bxg5 Bxg5
34. Bf3 Nd8 35. Nb4 Bd2 36. Nd5 f5 37. Kf1 Kg7 38. a4 e4 39. Be2 Nc6 40. b4 Bg5
41. c4 Ne7 42. Nc7 Bd2 43. b5 axb5 44. axb5 Bb4 45. c5 Kf6 46. c6 b6 47. Bc4
Bd6 1/2-1/2

[Event "Olomouc 2005, IM A - Inline Czechia Cup"]
[Site "?"]
[Date "2005.??.??"]
[Round "8.4"]
[White "Savage, Ben D"]
[Black "Pisk, Petr"]
[Result "1/2-1/2"]
[WhiteElo "2300"]
[BlackElo "2319"]
[PlyCount "129"]
[EventDate "2005.08.03"]

1. e4 c5 2. Nf3 Nc6 3. d4 cxd4 4. Nxd4 e5 5. Nb5 a6 6. Nd6+ Bxd6 7. Qxd6 Qf6 8.
Qd1 Qg6 9. Nc3 Nge7 10. Be3 d5 11. Nxd5 Nxd5 12. Qxd5 Be6 13. Qc5 Qxe4 14. f3
Qb4+ 15. Kf2 Qxb2 16. Bd3 Qb4 17. Qxb4 Nxb4 18. Be4 Bd5 19. c3 Bxe4 20. cxb4
Bc6 21. Rhd1 O-O 22. Bb6 Rac8 23. a4 Rfe8 24. a5 f6 25. Rd6 Bb5 26. Bc5 e4 27.
Re1 exf3 28. Rxe8+ Rxe8 29. Kxf3 Kf7 30. Rd2 h5 31. h4 Bc6+ 32. Kf2 Kg6 33. Rd4
Kf5 34. Bd6 g5 35. hxg5 fxg5 36. g3 Bb5 37. Rd2 Kg4 38. Rd4+ Kh3 39. Rd5 Re6
40. Be5 Kg4 41. Rc5 h4 42. gxh4 gxh4 43. Rd5 Re7 44. Rd4+ Kf5 45. Bd6 Rh7 46.
Kg2 Ke6 47. Bb8 Rh8 48. Bc7 Kf5 49. Kh3 Bf1+ 50. Kh2 Rc8 51. Rd7 h3 52. Rd5+
Ke4 53. Re5+ Kd4 54. Re7 Bg2 55. Bb6+ Kd3 56. Rd7+ Ke2 57. Re7+ Kd3 58. Rd7+
Ke2 59. Re7+ Kd2 60. Rd7+ Kc3 61. Rc7+ Rxc7 62. Bxc7 Kxb4 63. Bb6 Kc4 64. Kg1
Kb5 65. Kh2 1/2-1/2

[Event "Olomouc 2005, IM A - Inline Czechia Cup"]
[Site "?"]
[Date "2005.??.??"]
[Round "8.6"]
[White "Pachow, Joerg"]
[Black "Fingerov, Dmitry"]
[Result "0-1"]
[WhiteElo "2352"]
[BlackElo "2358"]
[PlyCount "82"]
[EventDate "2005.08.03"]

1. e4 e6 2. d4 d5 3. Nc3 Nf6 4. e5 Nfd7 5. f4 c5 6. Nf3 a6 7. Be3 b5 8. a3 Nc6
9. Qd2 Qb6 10. Rd1 Bb7 11. Qf2 cxd4 12. Nxd4 Bc5 13. h4 f6 14. exf6 Nxf6 15.
Be2 O-O 16. b4 Nxb4 17. axb4 Bxb4 18. Bd2 e5 19. fxe5 Ng4 20. Qg1 Bc5 21. Be3
Nxe5 22. Rh3 Rae8 23. Nf5 Bxe3 24. Qxe3 Qg6 25. g4 h5 26. Nxd5 Bxd5 27. Rxd5
hxg4 28. Rxe5 gxh3 29. Rxe8 Rxe8 30. Qxh3 Qg1+ 31. Kd2 Qf2 32. Qb3+ Kh8 33. Ng3
Qf4+ 34. Kd1 Re3 35. Qd5 Rxg3 36. Qh5+ Kg8 37. Qd5+ Kh7 38. Bd3+ Kh6 39. Qe6+
Qf6 40. Qe8 g6 41. Qe1 Qa1+ 0-1

[Event "Olomouc 2005, IM A - Inline Czechia Cup"]
[Site "?"]
[Date "2005.??.??"]
[Round "9.2"]
[White "Mohamed, Hossein"]
[Black "Pachow, Joerg"]
[Result "1/2-1/2"]
[WhiteElo "2230"]
[BlackElo "2352"]
[PlyCount "60"]
[EventDate "2005.08.03"]

1. Nf3 g6 2. g3 Bg7 3. d4 Nf6 4. Bg2 O-O 5. b3 c5 6. Bb2 cxd4 7. Nxd4 d5 8. c4
dxc4 9. O-O Nc6 10. Nxc6 bxc6 11. bxc4 Qb6 12. Qb3 Bg4 13. Nc3 Qa6 14. c5 Nd7
15. Qa4 Qxa4 16. Nxa4 Bxb2 17. Nxb2 Rab8 18. Na4 Bxe2 19. Rfe1 Bb5 20. Rxe7
Rfd8 21. Nc3 Kf8 22. Rae1 Nxc5 23. Nxb5 cxb5 24. Rxa7 Rd7 25. Rxd7 Nxd7 26. Bc6
Nf6 27. Rb1 b4 28. Rb3 Rb6 29. Bf3 Ra6 30. Rxb4 Rxa2 1/2-1/2

[Event "Olomouc 2005, IM A - Inline Czechia Cup"]
[Site "?"]
[Date "2005.??.??"]
[Round "9.3"]
[White "Pisk, Petr"]
[Black "Beil, Martin"]
[Result "1-0"]
[WhiteElo "2319"]
[BlackElo "2212"]
[PlyCount "35"]
[EventDate "2005.08.03"]

1. e4 c5 2. Nf3 e6 3. b3 Nc6 4. Bb2 d6 5. d4 cxd4 6. Nxd4 Qc7 7. Nb5 Qb8 8. Ba3
d5 9. Bxf8 Kxf8 10. exd5 Qe5+ 11. Be2 Nb4 12. dxe6 Bxe6 13. N1a3 Nc6 14. Qd6+
Qxd6 15. Nxd6 Rd8 16. Nxb7 Rd4 17. O-O Bc8 18. Bf3 1-0

[Event "Olomouc 2005, IM A - Inline Czechia Cup"]
[Site "?"]
[Date "2005.??.??"]
[Round "9.5"]
[White "Vovk, Andrey"]
[Black "Krupa, Monika"]
[Result "1-0"]
[WhiteElo "2339"]
[BlackElo "2275"]
[PlyCount "65"]
[EventDate "2005.08.03"]

1. e4 g6 2. d4 Bg7 3. Nc3 c6 4. h4 d5 5. exd5 cxd5 6. Bf4 a6 7. Be5 Bxe5 8.
dxe5 d4 9. Nce2 Nc6 10. Qd2 Qd5 11. Nf3 Bg4 12. Nexd4 Nxd4 13. Nxd4 Qxe5+ 14.
Be2 Nf6 15. O-O-O Bxe2 16. Nxe2 O-O 17. Ng3 Rac8 18. h5 Rc5 19. hxg6 fxg6 20.
Rhe1 Qc7 21. Ne4 Nxe4 22. Rxe4 e5 23. f3 Rc8 24. c3 b5 25. Kb1 a5 26. a3 Qf7
27. Qg5 Qf5 28. Qe7 Qf7 29. Rxe5 Rxe5 30. Qxe5 b4 31. Qxa5 Qb3 32. Rd8+ Kg7 33.
Qa7+ 1-0

[Event "Olomouc 2005, IM A - Inline Czechia Cup"]
[Site "?"]
[Date "2005.??.??"]
[Round "10.1"]
[White "Salai, Ladislav"]
[Black "Malinovsky, Karel"]
[Result "1-0"]
[WhiteElo "2378"]
[BlackElo "2309"]
[PlyCount "73"]
[EventDate "2005.08.03"]

1. e4 c5 2. Nc3 Nc6 3. g3 g6 4. Bg2 Bg7 5. d3 d6 6. Be3 e5 7. Nge2 Nge7 8. Qd2
Nd4 9. O-O O-O 10. Nd1 Be6 11. c3 Nxe2+ 12. Qxe2 Qd7 13. f4 exf4 14. gxf4 Bg4
15. Qd2 f5 16. Nf2 Bh5 17. Rae1 Rae8 18. Nh1 Bf6 19. Ng3 Bh4 20. e5 Bxg3 21.
hxg3 b6 22. e6 Qxe6 23. Bxc5 Qd7 24. Ba3 Nc6 25. Bd5+ Kg7 26. b3 Rxe1 27. Rxe1
Re8 28. c4 Rxe1+ 29. Qxe1 Ne7 30. Be6 Qc7 31. Qc3+ Kh6 32. Qf6 Nc6 33. Qg5+ Kg7
34. Bb2+ Kf8 35. Qf6+ Ke8 36. Qh8+ Ke7 37. Qg7+ 1-0

[Event "Olomouc 2005, IM A - Inline Czechia Cup"]
[Site "?"]
[Date "2005.??.??"]
[Round "10.3"]
[White "Savage, Ben D"]
[Black "Vovk, Andrey"]
[Result "0-1"]
[WhiteElo "2300"]
[BlackElo "2339"]
[PlyCount "92"]
[EventDate "2005.08.03"]

1. d4 Nf6 2. Nf3 g6 3. c4 Bg7 4. Nc3 O-O 5. e4 d6 6. Be2 Nbd7 7. Be3 e5 8. d5
Nh5 9. g3 a5 10. Nd2 Nhf6 11. a3 Ne8 12. b4 f5 13. f3 Ndf6 14. bxa5 Rxa5 15. c5
Ra8 16. Nc4 Nh5 17. cxd6 Nxd6 18. Nxd6 cxd6 19. Qb3 Qf6 20. Bb6 Bh6 21. Rf1 Bd7
22. Ra2 Qe7 23. Rc2 fxe4 24. fxe4 Bh3 25. Rf2 Nf6 26. Qb4 Rfc8 27. Bb5 Ng4 28.
Rf3 Rf8 29. Rxf8+ Rxf8 30. Nd1 Qg5 31. Qc3 Nf6 32. Be3 Qh5 33. Bxh6 Qxh6 34.
Qe3 Qxe3+ 35. Nxe3 Nxe4 36. Rc7 Rf3 37. Nc2 Rb3 38. Rxb7 Rb1+ 39. Ke2 Nc3+ 40.
Kd2 Rxb5 41. Rxb5 Nxb5 42. a4 Nc7 43. Ne3 Bd7 44. a5 Bb5 45. Kc3 Kf7 46. Kb4
Ba6 0-1

[Event "Olomouc 2005, IM A - Inline Czechia Cup"]
[Site "?"]
[Date "2005.??.??"]
[Round "10.6"]
[White "Fingerov, Dmitry"]
[Black "Mohamed, Hossein"]
[Result "1-0"]
[WhiteElo "2358"]
[BlackElo "2230"]
[PlyCount "41"]
[EventDate "2005.08.03"]

1. Nf3 Nf6 2. g3 g6 3. Bg2 Bg7 4. O-O c5 5. c4 O-O 6. d4 d6 7. Nc3 cxd4 8. Nxd4
Nc6 9. Nxc6 bxc6 10. Bxc6 Bh3 11. Bxa8 Qxa8 12. Nd5 Nxd5 13. Qxd5 Qxd5 14. cxd5
Bxf1 15. Kxf1 Rc8 16. Be3 Bxb2 17. Rb1 Rc2 18. Bxa7 Bc3 19. a3 Ra2 20. Rb3 Bb2
21. Rb8+ 1-0

[Event "Olomouc 2005, IM B - Ave-Kontakt Cup"]
[Site "?"]
[Date "2005.??.??"]
[Round "1.1"]
[White "Potapov, Pavel"]
[Black "Pel, Bonno"]
[Result "1/2-1/2"]
[WhiteElo "2285"]
[BlackElo "2310"]
[PlyCount "57"]
[EventDate "2005.08.03"]

1. e4 d6 2. d4 Nf6 3. Nc3 g6 4. g3 Bg7 5. Bg2 O-O 6. Nge2 e5 7. h3 Nc6 8. Be3
exd4 9. Nxd4 Bd7 10. O-O Re8 11. g4 Nxd4 12. Bxd4 c5 13. Bxf6 Qxf6 14. Nd5 Qxb2
15. Rb1 Qxa2 16. Nc7 Ba4 17. Nxe8 Bxc2 18. Qxd6 Bxb1 19. Nxg7 Kxg7 20. e5 Qb2
21. Bd5 Rf8 22. e6 Bd3 23. e7 Re8 24. Re1 Qb6 25. Qe5+ f6 26. Qg3 Qb4 27. Re3
Bc4 28. Bxc4 Qxc4 29. g5 1/2-1/2

[Event "Olomouc 2005, IM B - Ave-Kontakt Cup"]
[Site "?"]
[Date "2005.??.??"]
[Round "1.2"]
[White "Camarena Gimenez, Rufino"]
[Black "Vovk, Yuri"]
[Result "0-1"]
[WhiteElo "2374"]
[BlackElo "2435"]
[PlyCount "54"]
[EventDate "2005.08.03"]

1. e4 e5 2. Bc4 Nf6 3. d3 c6 4. Nf3 d5 5. Bb3 Bd6 6. exd5 cxd5 7. Bg5 Be6 8.
O-O Nc6 9. Re1 h6 10. Bh4 Qa5 11. Bg3 e4 12. dxe4 Bxg3 13. hxg3 dxe4 14. Bxe6
fxe6 15. Nfd2 Rd8 16. Qc1 Qh5 17. Nc3 Nd4 18. Nf1 O-O 19. Ne3 b5 20. b4 Rc8 21.
Qd1 Rxc3 22. Qxd4 Rxe3 23. Rxe3 e5 24. Qxa7 Ng4 25. Rxe4 Qh2+ 26. Kf1 Nxf2 27.
Rh4 Ne4+ 0-1

[Event "Olomouc 2005, IM B - Ave-Kontakt Cup"]
[Site "?"]
[Date "2005.??.??"]
[Round "1.3"]
[White "Kraemer, Martin"]
[Black "Jasim, A R  Saleh"]
[Result "1/2-1/2"]
[WhiteElo "2377"]
[BlackElo "2318"]
[PlyCount "71"]
[EventDate "2005.08.03"]

1. e4 e6 2. d4 d5 3. Nc3 dxe4 4. Nxe4 Nd7 5. Nf3 Ngf6 6. Bg5 h6 7. Bxf6 Nxf6 8.
Nxf6+ Qxf6 9. Bb5+ c6 10. Bc4 g6 11. O-O Bg7 12. c3 O-O 13. a4 Rd8 14. Qe2 b6
15. a5 b5 16. Bd3 b4 17. Ne5 Bd7 18. Be4 Rac8 19. Qa6 Rc7 20. Nd3 bxc3 21. bxc3
Bf8 22. Qc4 Rdc8 23. f4 c5 24. d5 exd5 25. Bxd5 a6 26. Qa2 Qxc3 27. Bxf7+ Kg7
28. Ne5 Bf5 29. Be6 c4 30. Bxc8 Bxc8 31. Kh1 Qb3 32. Qf2 Bc5 33. Qh4 Be7 34.
Qf2 Bc5 35. Qh4 Be7 36. Qf2 1/2-1/2

[Event "Olomouc 2005, IM B - Ave-Kontakt Cup"]
[Site "?"]
[Date "2005.??.??"]
[Round "1.4"]
[White "Vavra, Pavel"]
[Black "Treybal, Dusan"]
[Result "1-0"]
[WhiteElo "2346"]
[BlackElo "2236"]
[PlyCount "69"]
[EventDate "2005.08.03"]

1. e4 e5 2. Nf3 Nc6 3. Nc3 Nf6 4. a3 Be7 5. d4 exd4 6. Nxd4 O-O 7. Nxc6 bxc6 8.
e5 Ne8 9. Bd3 d5 10. exd6 cxd6 11. O-O g6 12. Bh6 Ng7 13. Qd2 Re8 14. Rfe1 Nf5
15. Bf4 d5 16. Na4 c5 17. c4 Nd4 18. Rab1 Be6 19. cxd5 Bxd5 20. Be4 Bf8 21. Nc3
Bxe4 22. Nxe4 Qb6 23. Bh6 Re5 24. Bxf8 Rxf8 25. b4 c4 26. Nc5 Rxe1+ 27. Rxe1
Rd8 28. Qc3 Nb5 29. Qxc4 Nxa3 30. Qb3 a5 31. Qxa3 axb4 32. Qe3 Rc8 33. Ne4 Qe6
34. Qd4 Re8 35. Nf6+ 1-0

[Event "Olomouc 2005, IM B - Ave-Kontakt Cup"]
[Site "?"]
[Date "2005.??.??"]
[Round "1.5"]
[White "Petr, Martin"]
[Black "Ganaus, Hannes"]
[Result "1-0"]
[WhiteElo "2331"]
[BlackElo "2340"]
[PlyCount "87"]
[EventDate "2005.08.03"]

1. e4 e6 2. d4 d5 3. Nd2 Nf6 4. e5 Nfd7 5. Bd3 c5 6. c3 Nc6 7. Ne2 cxd4 8. cxd4
f6 9. exf6 Nxf6 10. Nf3 Bd6 11. O-O Qc7 12. Bg5 O-O 13. Bh4 Nh5 14. Qc2 h6 15.
Bg6 Rxf3 16. gxf3 Bxh2+ 17. Kh1 Nf4 18. Ng3 Qd6 19. Rac1 Bd7 20. Kxh2 Nxd4 21.
Qc7 Nxf3+ 22. Kh1 Qxc7 23. Rxc7 Bc6 24. Bf7+ Kf8 25. Bh5 Nxh5 26. Nxh5 Nxh4 27.
Nxg7 d4+ 28. f3 Bd5 29. Kh2 e5 30. Nh5 Rd8 31. Nf6 Be6 32. Nh7+ Ke8 33. Nf6+
Kf8 34. f4 e4 35. Nh7+ Ke8 36. Nf6+ Kf8 37. Nxe4 Bxa2 38. f5 d3 39. Nc5 d2 40.
Ne6+ Bxe6 41. fxe6+ Ke8 42. Rd1 Nf5 43. Rg1 Ne7 44. Rg7 1-0

[Event "Olomouc 2005, IM B - Ave-Kontakt Cup"]
[Site "?"]
[Date "2005.??.??"]
[Round "1.6"]
[White "Plat, Vojtech"]
[Black "Kanovsky, David"]
[Result "0-1"]
[WhiteElo "1945"]
[BlackElo "2328"]
[PlyCount "86"]
[EventDate "2005.08.03"]

1. e4 c5 2. Nf3 e6 3. d4 cxd4 4. Nxd4 a6 5. Be2 Qc7 6. Nc3 b5 7. Bf3 Bb7 8. O-O
d6 9. Re1 Nd7 10. g3 Ngf6 11. Bg2 Be7 12. f3 O-O 13. Be3 Nb6 14. Nce2 Rac8 15.
c3 d5 16. e5 Qxe5 17. Nf4 Nc4 18. Bf2 Qb8 19. Nd3 Rfe8 20. b3 Nd6 21. Rc1 Bf8
22. Ne5 Qc7 23. Bh3 Nde4 24. Ng4 Nxg4 25. Bxg4 Nxf2 26. Kxf2 Qb6 27. Kg2 b4 28.
Re3 Bc5 29. Rd3 a5 30. c4 dxc4 31. bxc4 Rcd8 32. Nb3 Rxd3 33. Qxd3 Rd8 34. Qe2
a4 35. Nxc5 Qxc5 36. Rd1 Rxd1 37. Qxd1 g6 38. Qxa4 Qxc4 39. Kf2 h5 40. Bh3 Bd5
41. Ke1 Qc1+ 42. Ke2 Bc4+ 43. Kf2 Qd2+ 0-1

[Event "Olomouc 2005, IM B - Ave-Kontakt Cup"]
[Site "?"]
[Date "2005.??.??"]
[Round "2.1"]
[White "Pel, Bonno"]
[Black "Kanovsky, David"]
[Result "1-0"]
[WhiteElo "2310"]
[BlackElo "2328"]
[PlyCount "93"]
[EventDate "2005.08.03"]

1. e4 e6 2. d3 d5 3. Nd2 Nf6 4. Ngf3 b6 5. c3 Be7 6. Qa4+ c6 7. e5 Nfd7 8. Qg4
O-O 9. d4 f5 10. Qg3 c5 11. Bd3 Ba6 12. Bxa6 Nxa6 13. O-O Qe8 14. Ng5 Qg6 15.
Ndf3 Bxg5 16. Bxg5 Rf7 17. Bd2 Qxg3 18. fxg3 Nf8 19. Rf2 Rc8 20. h4 Rb7 21. Ne1
b5 22. Nd3 c4 23. Nf4 b4 24. Raf1 bxc3 25. bxc3 Nc7 26. Kh2 Rcb8 27. g4 fxg4
28. Kg3 Ng6 29. Nxg6 hxg6 30. Kxg4 Rb1 31. Bc1 Nb5 32. Rc2 Rf8 33. Rxf8+ Kxf8
34. a4 Nc7 35. Ba3+ Ke8 36. Rf2 Kd7 37. Rf7+ Kc6 38. Rxg7 Ra1 39. Bd6 Ne8 40.
Rxg6 Rxa4 41. Rxe6 Kd7 42. Re7+ Kd8 43. Bc5 Nc7 44. h5 Ra2 45. g3 Rc2 46. h6
Rh2 47. h7 1-0

[Event "Olomouc 2005, IM B - Ave-Kontakt Cup"]
[Site "?"]
[Date "2005.??.??"]
[Round "2.3"]
[White "Treybal, Dusan"]
[Black "Petr, Martin"]
[Result "1-0"]
[WhiteElo "2236"]
[BlackElo "2331"]
[PlyCount "109"]
[EventDate "2005.08.03"]

1. e4 c5 2. Nf3 d6 3. d4 cxd4 4. Nxd4 Nf6 5. Nc3 a6 6. Bc4 e6 7. a3 Be7 8. Ba2
Nc6 9. Be3 Bd7 10. f4 O-O 11. Qf3 Nxd4 12. Bxd4 Bc6 13. O-O b5 14. f5 e5 15.
Bf2 a5 16. Bh4 Rc8 17. Bxf6 Bxf6 18. Rf2 Qb6 19. Kh1 Bg5 20. Re2 Rc7 21. Nd5
Bxd5 22. Bxd5 Rfc8 23. c3 b4 24. axb4 axb4 25. c4 Ra7 26. Rxa7 Qxa7 27. g3 h6
28. Qb3 Rb8 29. Kg2 Bd8 30. Rd2 Bb6 31. Qd1 Be3 32. Re2 Bd4 33. b3 Rb6 34. Rc2
Ra6 35. Qg4 Qd7 36. Rd2 Kh7 37. Qh5 Ra7 38. Rd3 Ra2+ 39. Kh1 g6 40. Qg4 Ra1+
41. Kg2 Kg8 42. Qxg6+ Kf8 43. Qxh6+ Ke7 44. Qg5+ f6 45. Qg7+ Kd8 46. Qxf6+ Kc7
47. h4 Kb6 48. Qe6 Qd8 49. f6 Ra2+ 50. Kh3 Bc5 51. Qe7 Qc8+ 52. Be6 Qa8 53. Rd5
Rf2 54. f7 Qa1 55. Rxd6+ 1-0

[Event "Olomouc 2005, IM B - Ave-Kontakt Cup"]
[Site "?"]
[Date "2005.??.??"]
[Round "2.4"]
[White "Jasim, A R  Saleh"]
[Black "Vavra, Pavel"]
[Result "1-0"]
[WhiteElo "2318"]
[BlackElo "2346"]
[PlyCount "53"]
[EventDate "2005.08.03"]

1. Nf3 Nf6 2. g3 b5 3. Na3 b4 4. Nc4 g6 5. Bg2 Bg7 6. a3 bxa3 7. Rxa3 O-O 8. b3
Ba6 9. Bb2 Bxc4 10. bxc4 c6 11. O-O d6 12. Qa1 Qc7 13. Nd4 a6 14. Rb1 e5 15.
Nb3 Nfd7 16. Na5 f5 17. Bc3 Ra7 18. Rab3 f4 19. Nb7 fxg3 20. fxg3 Nf6 21. Ba5
Qd7 22. Qa3 Ne8 23. Nd8 Nc7 24. Rxb8 Rxd8 25. Rxd8+ Qxd8 26. Bxc6 Qc8 27. Qe3
1-0

[Event "Olomouc 2005, IM B - Ave-Kontakt Cup"]
[Site "?"]
[Date "2005.??.??"]
[Round "2.6"]
[White "Potapov, Pavel"]
[Black "Camarena Gimenez, Rufino"]
[Result "1/2-1/2"]
[WhiteElo "2285"]
[BlackElo "2374"]
[PlyCount "55"]
[EventDate "2005.08.03"]

1. e4 c6 2. d4 d5 3. Nc3 dxe4 4. Nxe4 Nd7 5. Ng5 e6 6. Bd3 Be7 7. N1f3 h6 8.
Ne4 Ngf6 9. Qe2 Nxe4 10. Qxe4 Nf6 11. Qh4 c5 12. dxc5 Nd7 13. Qa4 Qc7 14. b4 b6
15. c6 Ne5 16. Bb2 Nxd3+ 17. cxd3 O-O 18. b5 a6 19. O-O f6 20. Bd4 Rd8 21. Rab1
Rd5 22. Be3 Ra7 23. Qg4 axb5 24. Nd4 h5 25. Qg6 b4 26. Qe8+ Kh7 27. f4 Bc5 28.
f5 1/2-1/2

[Event "Olomouc 2005, IM B - Ave-Kontakt Cup"]
[Site "?"]
[Date "2005.??.??"]
[Round "3.4"]
[White "Petr, Martin"]
[Black "Jasim, A R  Saleh"]
[Result "1-0"]
[WhiteElo "2331"]
[BlackElo "2318"]
[PlyCount "75"]
[EventDate "2005.08.03"]

1. e4 e6 2. d4 d5 3. Nd2 dxe4 4. Nxe4 Nd7 5. Nf3 Ngf6 6. Nxf6+ Nxf6 7. c3 c5 8.
Ne5 a6 9. Qa4+ Bd7 10. Nxd7 Nxd7 11. dxc5 Bxc5 12. Be2 O-O 13. O-O Qc7 14. Qh4
Nf6 15. Bd3 Rfd8 16. Bc2 Be7 17. Be3 h6 18. Qh3 Rd5 19. Qf3 Rad8 20. Rfe1 b5
21. Rac1 Qa5 22. a3 Qc7 23. Bb3 Rf5 24. Qe2 Bc5 25. Bxc5 Qxc5 26. Rcd1 Rxd1 27.
Rxd1 g6 28. g3 Kg7 29. Kg2 Ng4 30. Qxg4 Qxf2+ 31. Kh1 Qxb2 32. Bxe6 Rf2 33.
Qd4+ Kh7 34. Bd5 Qe2 35. Kg1 h5 36. h4 Kg8 37. Be4 Rh2 38. Rf1 1-0

[Event "Olomouc 2005, IM B - Ave-Kontakt Cup"]
[Site "?"]
[Date "2005.??.??"]
[Round "3.5"]
[White "Plat, Vojtech"]
[Black "Treybal, Dusan"]
[Result "1/2-1/2"]
[WhiteElo "1945"]
[BlackElo "2236"]
[PlyCount "69"]
[EventDate "2005.08.03"]

1. e4 e5 2. Nf3 Nc6 3. Bb5 f5 4. d3 d6 5. Nc3 Nf6 6. Bg5 Be7 7. Bxf6 Bxf6 8. d4
exd4 9. Nxd4 Bxd4 10. Qxd4 O-O 11. Bxc6 bxc6 12. O-O-O fxe4 13. Nxe4 Bd7 14.
Rd2 Qe7 15. f3 Qf7 16. b3 a5 17. a4 h6 18. Re1 Rfb8 19. Qc3 c5 20. Rde2 Re8 21.
Ng3 Rxe2 22. Rxe2 Be6 23. Qe1 Qf4+ 24. Qd2 Qf6 25. Qe1 Qa1+ 26. Kd2 Qd4+ 27.
Kc1 Bf7 28. Re4 Qf6 29. Qe3 c4 30. bxc4 Qa1+ 31. Kd2 Qxa4 32. Nf5 Qb4+ 33. Kc1
Qc5 34. Qxc5 dxc5 35. Kb2 1/2-1/2

[Event "Olomouc 2005, IM B - Ave-Kontakt Cup"]
[Site "?"]
[Date "2005.??.??"]
[Round "3.6"]
[White "Kanovsky, David"]
[Black "Ganaus, Hannes"]
[Result "1/2-1/2"]
[WhiteElo "2328"]
[BlackElo "2340"]
[PlyCount "83"]
[EventDate "2005.08.03"]

1. e4 c6 2. d3 d5 3. Nd2 e5 4. Ngf3 Bd6 5. Be2 Nf6 6. O-O O-O 7. h3 Nbd7 8. c3
Re8 9. Re1 Qb6 10. Qc2 a5 11. a4 Nc5 12. Bf1 Bd7 13. b3 Na6 14. Bb2 Rad8 15.
Rad1 Bb8 16. Re3 Qc7 17. Rde1 Ba7 18. d4 exd4 19. Nxd4 Nc5 20. exd5 Nxd5 21.
Rxe8+ Rxe8 22. Rxe8+ Bxe8 23. N2f3 f6 24. Bc4 Bf7 25. Qe2 Qd7 26. Nd2 Bb8 27.
Qg4 Qxg4 28. hxg4 Nd7 29. Bf1 Ne5 30. Nc4 Bc7 31. f3 Nb6 32. Nd2 Nd5 33. Ne4
Bb6 34. Nd6 Ne3 35. Nxb7 c5 36. Nf5 Nxf1 37. Kxf1 Bxb3 38. Ba3 Nd7 39. Ne7+ Kf7
40. Nc8 Bxa4 41. Nxb6 Nxb6 42. Nxa5 1/2-1/2

[Event "Olomouc 2005, IM B - Ave-Kontakt Cup"]
[Site "?"]
[Date "2005.??.??"]
[Round "4.1"]
[White "Pel, Bonno"]
[Black "Ganaus, Hannes"]
[Result "1/2-1/2"]
[WhiteElo "2310"]
[BlackElo "2340"]
[PlyCount "111"]
[EventDate "2005.08.03"]

1. e4 e6 2. d3 c5 3. g3 b6 4. Bg2 Bb7 5. Nc3 d5 6. Nh3 dxe4 7. Nxe4 Qd7 8. O-O
Nf6 9. Nxf6+ gxf6 10. Bxb7 Qxb7 11. Qh5 Nc6 12. Be3 O-O-O 13. Nf4 Ne5 14. f3
Be7 15. Ne2 Ng6 16. Nc3 f5 17. f4 Bf6 18. a4 Bd4 19. Bxd4 Rxd4 20. a5 b5 21. a6
Qb6 22. Qf3 Kc7 23. Ne2 Rd7 24. c3 Qc6 25. Qe3 Rhd8 26. Rfd1 Kb8 27. Nc1 c4 28.
d4 Ne7 29. b3 Nd5 30. Qf3 Rc8 31. bxc4 Qxc4 32. Ne2 Rc6 33. Ra3 Nf6 34. Nc1 Qd5
35. Qd3 Rb6 36. Na2 Qe4 37. Qd2 Qf3 38. Rf1 Ne4 39. Qc1 Qe2 40. Nb4 h5 41. Ra2
Qc4 42. Rc2 f6 43. Qe3 Rg7 44. Rf3 h4 45. Rg2 hxg3 46. hxg3 Rd6 47. g4 Rd8 48.
gxf5 Rxg2+ 49. Kxg2 Rg8+ 50. Kh2 exf5 51. d5 Rh8+ 52. Rh3 Rxh3+ 53. Qxh3 Qe2+
54. Qg2 Qh5+ 55. Qh3 Qe2+ 56. Qg2 1/2-1/2